Normal view
MARC view
Entry Personal Name
001 - CONTROL NUMBER
- control field: 562387
003 - CONTROL NUMBER IDENTIFIER
- control field: OSt
005 - DATE AND TIME OF LATEST TRANSACTION
- control field: 20220930193510.0
008 - FIXED-LENGTH DATA ELEMENTS
- fixed length control field: 220930|| aca||aabn | a|a d
040 ## - CATALOGING SOURCE
- Original cataloging agency: OSt
- Transcribing agency: OSt
100 ## - HEADING--PERSONAL NAME
- Personal name: Nirankar Singh
670 ## - SOURCE DATA FOUND
- Source citation: Work cat.: (OSt)896565: Nirankar Singh, Study of batchelor's extra-articular arthrodesis in the management of post polio residual paralysis of the foot in children, 1983
